000 00847nam a2200241 i 4500
001 169224
003 ES-MaACL
005 20250819173455.0
008 080822s2006 sp a |||| | spa d
020 _a84-611-2836-2
080 _a821.581-14"05/11"(082.2)
245 0 0 _aPoesía china caligrafiada e ilustrada /
_cedición de Guojian Chen ; prólogo de Valentín García Yebra ; traducción de Guojian Chen y Xiaohui Chen.
250 _aEd. bilingüe, 1ª ed.
260 _aMadrid :
_bTran,
_c2006.
300 _a150 p. :
_bil. ;
_c21 cm.
546 _aTexto chino y traducción al español.
650 4 _aPoesías chinas
_916208
700 1 _aChen, Guojian.
_938326
700 1 _aXiaohui, Chen.
_9138306
700 1 _aGarcía Yebra, Valentín,
_d1917-2010
_955453
852 _aES-MaACL
_jL-29635
999 _c169224
_d169224